千葉市への通勤通学者比率トップ・ワースト10 - Statistics

General Stats
  • This quiz has been taken 101 times
  • The average score is 15 of 20
Answer Stats
順位 比率 Answer % Correct
4 16.9 市原市
96%
9 11.7 習志野市
93%
52 0.8 銚子市
90%
2 29.0 四街道市
87%
48 1.0 館山市
87%
1 56.5 千葉市
84%
54 0.4 野田市
84%
8 12.0 八街市
80%
7 12.5 茂原市
79%
45 1.5 松戸市
79%
51 0.9 南房総市
79%
53 0.5 鴨川市
78%
3 19.4 大網白里市
77%
46 1.2 柏市
77%
48 1.0 我孫子市
76%
47 1.1 流山市
73%
6 12.6 東金市
70%
10 9.7 長生村
57%
5 14.0 長柄町
46%
48 1.0 東庄町
40%
No matching quizzes found
Score Distribution
Percent of People with Each Score
Percentile by Number Answered
Your Score History
You have not taken this quiz